[Event "Arco op 28th"]
[Site "Arco"]
[Date "2006.10.25"]
[Round "5"]
[White "La Malfa, Stelio"]
[Black "Kranebitter, Gerhard"]
[Result "0-1"]
[WhiteElo "1879"]
[BlackElo "2091"]
[PlyCount "118"]
[EventDate "2006.10.21"]
[EventType "swiss"]
[EventRounds "9"]
[EventCountry "ITA"]
[SourceTitle "EXT 2007"]
[Source "ChessBase"]
[SourceDate "2006.11.23"]
[SourceVersion "1"]
[SourceVersionDate "2006.11.23"]
[SourceQuality "1"]

1. e4 e6 2. d4 d5 3. e5 c5 4. c3 Nc6 5. Nf3 Qb6 6. a3 cxd4 7. cxd4 Nge7 8. Bd3 Nf5 9. Bxf5 exf5 10. Nc3 Be6 11. 0-0 Be7 12. b4 Qd8 13. Be3 0-0 14. Rc1 Rc8 15. Qd2 Qd7 16. Ne2 Nb8 17. Nf4 b5 18. Qd3 Rc4 19. Nd2 g5 20. Nh5 Rxc1 21. Rxc1 f4 22. Nf6+ Bxf6 23. exf6 Bf5 24. Qc3 fxe3 25. Qxe3 h6 26. h4 Qe6 27. Qg3 Qxf6 28. Nf3 g4 29. Ne5 Qe6 30. Rc7 f6 31. Nd3 Nc6 32. Kh2 Bxd3 33. Qxd3 Qd6+ 34. Qg3 Qxg3+ 35. Kxg3 Nxd4 36. Rxa7 Rd8 37. Kxg4 Nc6 38. Rc7 Ne5+ 39. Kf5 Rd7 40. Rc5 d4 41. Rc1 Kf7 42. Rd1 d3 43. f4 Nc4 44. Ke4 f5+ 45. Kf3 h5 46. g3 Nxa3 47. Ke3 Nc4+ 48. Kf3 Rd4 49. Kf2 Ke6 50. Kf3 Kd5 51. Kf2 d2 52. Ke2 Ke4 53. g4 fxg4 54. f5 Kxf5 55. Rf1+ Ke4 56. Rd1 g3 57. Rg1 d1Q+ 58. Rxd1 Rxd1 59. Kxd1 Kf3 0-1

[Event "Treviso op-B 25th"]
[Site "Treviso"]
[Date "2001.12.08"]
[Round "3.6"]
[White "La Malfa, Stelio"]
[Black "Ballarin, Gabriele"]
[Result "1/2-1/2"]
[WhiteElo "1500"]
[BlackElo "1624"]
[PlyCount "130"]
[EventDate "2001.12.07"]
[EventType "swiss"]
[EventRounds "5"]
[EventCountry "ITA"]
[SourceTitle "EXT 2024"]
[Source "ChessBase"]
[SourceDate "2023.10.10"]
[SourceVersion "1"]
[SourceVersionDate "2023.10.10"]
[SourceQuality "1"]

1. e4 c5 2. Nf3 Nc6 3. d4 cxd4 4. c3 dxc3 5. Nxc3 a6 6. Bc4 e6 7. 0-0 b5 8. Bb3 Bb7 9. Qe2 Qb8 10. Rd1 Nge7 11. a3 Ng6 12. Be3 Nce5 13. Nxe5 Qxe5 14. Qd2 Bc6 15. f4 Qc7 16. Rac1 Qb7 17. Nd5 exd5 18. exd5 Be7 19. dxc6 dxc6 20. Qc2 0-0 21. Qxc6 Qxc6 22. Rxc6 Rfc8 23. Rdc1 Rxc6 24. Rxc6 Bf6 25. Bc1 Ne7 26. Rc7 Kf8 27. Kf1 Rc8 28. Rxc8+ Nxc8 29. Bd5 Nb6 30. Bb7 a5 31. b3 Ke7 32. Ke2 Kd6 33. Kd3 a4 34. b4 Nc4 35. Kc2 Bd4 36. Be4 Be3 37. Bd3 Bg1 38. Bxc4 bxc4 39. Kc3 Kd5 40. h3 Bd4+ 41. Kc2 g6 42. Bd2 Ke4 43. Bc3 Bb6 44. Be5 f6 45. Bxf6 Kxf4 46. Kc3 Kg3 47. Kxc4 Kxg2 48. Kb5 Be3 49. Kxa4 Kxh3 50. b5 g5 51. Bd8 g4 52. b6 g3 53. b7 Ba7 54. Bb6 Bb8 55. Kb5 Kh2 56. a4 g2 57. a5 g1Q 58. Bxg1+ Kxg1 59. Kb6 h5 60. a6 h4 61. a7 Bxa7+ 62. Kxa7 h3 63. b8Q h2 64. Qg3+ Kh1 65. Qf3+ Kg1 1/2-1/2